Geometry Dash Pointercrate Demonlist - Statistics

General Stats
  • This quiz has been taken 333 times
    199 since last reset
  • The average score is 53 of 150
Answer Stats
# Publisher Level % Correct
1 PockeWindfish Avernus
97%
2 ryamu Acheron
96%
87 Luqualizer Silent Club
96%
3 TheRealSailent Silent Clubstep
95%
6 icedcave Slaughterhouse
95%
4 Exen Abyss of Darkness
91%
9 Trick Firework
88%
12 MindCap LIMBO
88%
7 Diamond Sakupen Circles
88%
5 {出見塩} Kyouki
86%
10 cherryteam KOCMOC
82%
94 knobbelboy Bloodlust
76%
30 Dolphy Tartarus
74%
32 BoBoBoBoBoBoBo The Golden
74%
29 APTeamOfficial Sonic Wave Infinity
70%
43 Bianox Zodiac
70%
44 npesta Kenos
68%
16 Renn241 Saul Goodman
65%
14 ItsHybrid Deimos
63%
106 Endlevel Deimos
63%
8 TCTeam Codependence
60%
22 LordVadercraft Mayhem
60%
15 btLisp poocubed
60%
31 Renn241 walter white
60%
27 Komp Hard Machine
59%
21 CDMusic Edge of Destiny
58%
11 CDMusic MINUSdry
57%
18 SyQual The Hallucination
57%
25 Maxfs arcturus
56%
19 Exen Tunnel of Despair
56%
26 dice88 Oblivion
55%
17 hawkyre Eyes in the Water
53%
35 SyQual Trueffet
52%
117 Dorami The Yandere
51%
83 Presta Congregation
50%
13 Lavatrex The Lightning Rod
50%
20 Linear Solar Flare
48%
75 neigefeu RUST
47%
96 Renn241 Jesse Pinkman
46%
24 NineDice UNKNOWN
45%
59 para Cold Sweat
43%
111 MindCap Sigma
43%
36 Nisha Verdant Landscape
42%
23 Cersia COMBUSTION
41%
132 Renn241 Gustavo Fring
41%
57 icedcave SUPERHATEMEWORLD
41%
108 Lieb ATOMIC CANNON
40%
76 Lieb ATOMIC CANNON Mk II
40%
67 Endlevel Cognition
40%
82 knobbelboy Ragnarok
40%
70 Kugelblitz SARY NEVER CLEAR
40%
40 Endlevel Aerial Gleam
39%
60 TrueOmega Crimson Planet
39%
68 APTeamOfficial Cosmic Cyclone
38%
129 Metalface221 Arctic Lights
37%
45 ItsHybrid Keres
37%
126 ViPriN Ouroboros
37%
61 nikroplays Renevant
37%
77 Kiba Shardscapes
37%
54 Atomic Thinking Space
37%
37 Yuko Shukketsu
36%
28 Wahffle Sinister Silence
36%
49 Jenkins GD NEUTRA
35%
120 SrGuillester Nhelv
35%
90 Platnuu Omega Interface
35%
51 Endlevel Promethean
35%
63 Walroose Calculator Core
34%
38 Drakosa Delta
34%
58 StarkytheSalad Lotus Flower
33%
55 GhostVandalf qoUEO
33%
52 Endlevel Fragile
32%
121 Gablor kowareta
32%
73 {出見塩} Widestep
32%
34 Yuko Midnight
31%
131 Zeostar Plasma Pulse Finale
31%
33 artos SARYYX NEVER CLEAR
31%
103 Sink Awedsy
30%
47 SyQual Esfera
29%
71 Krazyman50Real Instinct
29%
72 CairoX Lucid Nightmares
29%
100 VARSE CITRA
27%
42 Zeniux Critical Heat
27%
41 Agat3 NETWORK
27%
50 cherryteam Belladonna
26%
133 TrueParadoxTeam Frozen Cave
26%
142 Temp Spectrum Cyclone
26%
93 mbed The Art of the Blade
25%
48 Xyriak Terminal Rampancy
24%
69 cherryteam Trotil
24%
78 VoTcHi Akashic Records
23%
88 GrenadeofTacos Descent into Exile
23%
99 theParadoxTeam no jokes
23%
150 Zylenox Requiem
23%
64 Amplitron shimmer
23%
97 Exen Asterios
22%
39 Dzeser Damascus
22%
127 {出見塩} Ourwa
22%
65 XLSpiral Amalgam
21%
84 SleyGD Escape Room
21%
116 BIGMAC77 IthacropoliX
21%
147 Endlevel Aquatic Auroras
19%
105 Exen Aronia
19%
53 AlrexX Crackhead Circles
19%
110 Akunakunn Jupiter My Favourite
19%
91 Ka1ns The Rupture
19%
118 para untitled unmastered
19%
95 notes Fog
18%
46 Quaybus Frost Spirit
18%
86 Moffe Launchpad Labyrinth
18%
148 Nimbus Storming Summit
18%
56 HushLC Climax
17%
74 DreamZoneGD ConClusion
17%
81 Shrc Horros
17%
92 Armadeus Kappa
17%
113 HangerLord Knights of Thunder
17%
79 Surjaco RUTHLESS
17%
80 MaxxoRMeN Sides Of My Mind
17%
62 Dorvict Sky Shredder
17%
128 Krampux Visible Ray
17%
134 Renn241 CHROMA FINALE
16%
122 Custi SAND SAILOR
16%
101 Zeptrus Sazerix
16%
149 OliSW Shutdown
16%
146 icedcave Fever Dream
15%
138 Metalface221 FRIDAY
15%
114 Marwec Atmos
14%
104 awesomeme360 Coral Cave
14%
66 ryli06 DIRECTIONS
14%
115 GiggsRH Dump
14%
102 Nindy Gracefully
14%
98 VulgarisAerae Terminux
14%
109 Yuko Twilight
14%
89 Moosh CORRODERE
13%
107 Seturan Pagoda
12%
135 Zeniux SZYSLAK
12%
125 Eridani AKIRA
11%
137 Awedsy Calamity
11%
85 Kyhros TORN
11%
145 spcreat Excruciation Chamber
9%
136 Renn241 REPENTLESS
9%
112 recillia Neon Skyline
8%
140 James RAM
8%
144 Cersia Fragmented
7%
119 Wintter Cicatrize
6%
139 exactteam EGO KILLING
6%
124 Jghost217 Farthest Outpost
6%
130 Zeptoz Th3Dev0n
6%
123 twister FusionDynamix
5%
141 4yoet CRIDIUM
4%
143 EidamGD nevermore
4%
No matching quizzes found
Score Distribution
Percent of People with Each Score
Percentile by Number Answered
Your Score History
You have not taken this quiz since the last reset